The shah ofchicago / (Record no. 151817)

MARC details
000 -LEADER
fixed length control field 00483nam a22001817a 4500
005 - DATE AND TIME OF LATEST TRANSACTION
control field 20180502103144.0
010 ## - LCCN (DPL NO)
LC control number ENG-122844
020 ## - INTERNATIONAL STANDARD BOOK NUMBER
International Standard Book Number 9789386338747
Terms of availability 299.00
035 ## - SYSTEM CONTROL NUMBER
System control number EN-106376
037 ## - SOURCE OF ACQUISITION
Source of stock number/acquisition DBAD/PUB
082 ## - DEWEY DECIMAL CLASSIFICATION NUMBER
Classification number N
100 ## - MAIN ENTRY--PERSONAL NAME
Personal name Rabe, Nate
245 ## - TITLE STATEMENT
Title The shah ofchicago /
Statement of responsibility, etc by Nate Rabe
260 ## - PUBLICATION, DISTRIBUTION, ETC. (IMPRINT)
Place of publication, distribution, etc New Delhi
Name of publisher, distributor, etc Speaking Tiger
Date of publication, distribution, etc 2017
270 ## - ADDRESS
Address 4381/4, Ansari Road, Daryaganj,
City New Delhi
Postal code 110002
300 ## - PHYSICAL DESCRIPTION
Extent 268p.
Dimensions 21cm(pbk)
942 ## - ADDED ENTRY ELEMENTS (KOHA)
Source of classification or shelving scheme Dewey Decimal Classification
Item type English Books
Call number suffix NAT
Classification part N
Holdings
Withdrawn status Lost status Not for loan Collection code Home library Current library Date acquired Source of acquisition Cost, normal purchase price Full call number Barcode Copy number Cost, replacement price Koha item type
    Not For Loan Fiction D.B.Act.Division Patel Nagar 02/05/2018 DBAD/PUB 299.00 N NAT EN-106376 1 299.00 English Books

© Delhi Public Library
Hit Counter
free hit counter